| 000 | 00468nam a22001817a 4500 | ||
|---|---|---|---|
| 003 | MPLRDC | ||
| 005 | 20220104123443.0 | ||
| 008 | 210129b ||||| |||| 00| 0 eng d | ||
| 020 | _a7-220-00020-0 | ||
| 082 | _a976 XC | ||
| 100 | _a谢长、葛岩著 | ||
| 245 |
_a人体文化: 古典舞世界里的中国与西方 _c |
||
| 250 | _a一版一刷 | ||
| 260 |
_a _b四川人民出版社 _c1987 |
||
| 300 | _b平 | ||
| 650 | _a舞蹈; 跳舞 | ||
| 942 |
_cBK _o976 XC |
||
| 999 |
_c11546 _d11536 |
||